000 01448nam a2200349Ia 4500
001 ebr10516101
003 CaPaEBR
006 m u
007 cr cn|||||||||
008 090409s2010 msuaf sbk s001 0beng d
010 _z 2009015241
020 _z9781604733600
020 _z9781604733617
020 _z1604733608
040 _aCaPaEBR
_cCaPaEBR
035 _a(OCoLC)763203874
050 1 4 _aML420.D978
_bJ46 2010eb
082 0 4 _a782.42162/0092
_aB
_222
100 1 _aJenkins, Paul O.
245 1 0 _aRichard Dyer-Bennet
_h[electronic resource] :
_bthe last minstrel /
_cPaul O. Jenkins ; foreword by Bonnie Dyer-Bennet ; afterword by Andrew Schulman.
260 _aJackson :
_bUniversity Press of Mississippi,
_cc2010.
300 _axviii, 181 p., [8] p. of plates :
_bill.
490 1 _aAmerican made music series
504 _aIncludes discography (p. 137-142), bibliographical references (p. 157-171), and index.
533 _aElectronic reproduction.
_bPalo Alto, Calif. :
_cebrary,
_d2013.
_nAvailable via World Wide Web.
_nAccess may be limited to ebrary affiliated libraries.
600 1 0 _aDyer-Bennet, Richard.
650 0 _aFolk singers
_zUnited States
_vBiography.
655 7 _aElectronic books.
_2local
710 2 _aebrary, Inc.
830 0 _aAmerican made music series.
856 4 0 _uhttp://site.ebrary.com/lib/rucke/Doc?id=10516101
_zAn electronic book accessible through the World Wide Web; click to view
999 _c122384
_d122384